Fertilidad y embarazo: (Registro nro. 11467)

Detalles MARC
000 -LIDER
fixed length control field 00846nam a22002777a 4500
001 - NÚMERO DE CONTROL
Identificador de número de control 000696
003 - IDENTIFICACDOR DE NÚMERO DE CONTROL
control field DO-SdBNP
005 - DATE AND TIME OF LATEST TRANSACTION
control field 20231205094846.0
007 - CAMPOS FIJOS DE DESCRIPCIÓN FÍSICA
fixed length control field 000696
008 - ELEMENTOS DE LONGITUD FIJA
fixed length control field 151210b 2005 mx ac 00| 0 spa d
020 ## - ISBN
International Standard Book Number 9707703377
040 ## - FUENTE DE CATALOGACIÓN
Agencia que crea de manera original el registro BPMSU
Idioma de catalogación spa
Agencia que realiza la transcripción BPMSU
082 #4 - NÚMERO DE CLASIFICACIÓN DECIMAL DE DEWEY
Classification number 618.2
Item number W516f 2005
Edition number 22
100 1# - ASIENTO PRINCIPAL -- NOMBRE PERSONAL
Nombre personal West, Zita
245 10 - MENCIÓN DE TITULO
Título Fertilidad y embarazo:
Subtítulo guía completa para embarazarte /
Mención de responsabilidad Zita West
260 ## - PUBLICACIÓN, DISTRIBUCIÓN, ETC. (PIE DE IMPRENTA)
Lugar de publicación, distribución, etc México ;
Nombre del editor, distribuidor, etc. Santillana ediciones generales,
Fecha de publicación, distribución, etc 2005.
Nombre del editor, distribuidor, etc.
300 ## - DESCRIPCIÓN FÍSICA
Extensión 192 p. :
Otros detalles físicos il., retrato ;
Dimensiones 24 cm.
500 ## - NOTA GENERAL
Nota general Incluye índice analítico.
504 ## - NOTA DE BIBLIOGRAFÍA, ETC.
Bibliography, etc Bibliografía p: 186-187
590 ## - NOTA LOCAL
Texto de la nota local Inventariado, 2023/VM
650 #4 - ENCABEZAMIENTO DE MATERIA--TEMÁTICO
Término temático o nombre geográfico como elemento de entrada Reproducción humana.
650 #4 - ENCABEZAMIENTO DE MATERIA--TEMÁTICO
Término temático o nombre geográfico como elemento de entrada Embarazo
Subdivisión temática general Cuidados
650 #4 - ENCABEZAMIENTO DE MATERIA--TEMÁTICO
Término temático o nombre geográfico como elemento de entrada Salud de la mujer.
910 ## - VALIDACIÓN
Validación YLOCKWARD/ VMateo V. Control de calidad. BPMSU
942 ## - ADDED ENTRY ELEMENTS (KOHA)
Source of classification or shelving scheme Dewey Decimal Classification
Koha item type Libros
Existencias
Withdrawn status Lost status Source of classification or shelving scheme Damaged status Not for loan Collection code Home library Current library Date acquired Source of acquisition Total Checkouts Full call number Barcode Date last seen Price effective from Koha item type Copy number
    Dewey Decimal Classification     Colección General Biblioteca Pública Metropolitana Salomé Ureña Biblioteca Pública Metropolitana Salomé Ureña 09/20/2016 Alfaguara   BPMSU CG 618.2 W516f 2005 BPMSU16090438 09/20/2016 09/20/2016 Libros  
    Dewey Decimal Classification     Colección General Biblioteca Pública Metropolitana Salomé Ureña Biblioteca Pública Metropolitana Salomé Ureña 09/20/2016 Alfaguara   BPMSU CG 618.2 W516f 2005 BPMSU16090439 09/20/2016 09/20/2016 Libros e.2
    Dewey Decimal Classification     Colección General Biblioteca Pública Metropolitana Salomé Ureña Biblioteca Pública Metropolitana Salomé Ureña 09/20/2016 Alfaguara   BPMSU CG 618.2 W516f 2005 BPMSU16090440 09/20/2016 09/20/2016 Libros e.3